000 01701nas a2200277Ia 4500
001 R050-S3709
003 IT-CnALBA
008 170116c99999999xx |||||||||||| ||und||
040 _aIT-CnALBA
_cIT-CnALBA
041 _aITALIANO
100 _aCATTANEO MARIO
210 _aLA FAMIGLIA
222 _aLA FAMIGLIA
245 0 _aLA FAMIGLIA. LUGLIO AGOSTO 1997. PROBLEMI FAMILIARI.
250 _a1a ed.
260 _a BRESCIA
_bLA SCUOLA, SOCIETÀ EDITRICE
_c1997 [1° Ed.:1997 - Ed.Ling.Originale: 1997]
300 _a96 p.
310 _aBIMESTRALE
362 _aFascicolo: 184 / Anno: 31 (1997)
500 _aLA FAMIGLIA. NON RASSEGNAZIONE. DIMENSIONE SPIRITUALE. MONITO ALLA SCIENZA PEDAGOGICA. RIFORMA WELFARE STATE, SOSTEGNO RESPONSABILITÀ FAMILIARI. E SERVIZIO SANITARIO, SNODI PER LA RIFORMA. DOPO IL FAMILISMO... ASPETTI E PROBLEMI ETICI. FRANZONI FL. HANAU C. NICOLETTI M. CICCONE L. FIGLI ALBANIA, OSPITALITA' E ACCOGLIENZA N. PAPARELLA. LUOGO E SOGGETTO DI FORMAZIONE LUNGO L'ARCO DELLA VITA. MINISTERO, PARI OPPORTUNITÀ PROMOZIONE DONNA.
501 _aSocietà San Paolo EM - Piazza San Paolo, 14 - 12051 ALBA (CN) (non commercial uses only) ® Copyright 2017
520 _aLA FAMIGLIA. NON RASSEGNAZIONE. DIMENSIONE SPIRITUALE. MONITO ALLA SCIENZA PEDAGOGICA. RIFORMA WELFARE STATE, SOSTEGNO RESPONSABILITÀ FAMILIARI. E SERVIZIO SANITARIO, SNODI PER LA RIFORMA. DOPO IL FAMILISMO... ASPETTI E PROBLEMI ETICI. FRANZONI FL. HANAU C. NICOLETTI M. CICCONE L. FIGLI ALBANIA, OSPITALITA' E ACCOGLIENZA N. PAPARELLA. LUOGO E SOGGETTO DI FORMAZIONE LUNGO L'ARCO DELLA VITA. MINISTERO, PARI OPPORTUNITÀ PROMOZIONE DONNA.
650 _aFAMIGLIA
942 _cCR
957 _71
999 _a65599
_bNO
_g1
_c332295
_d332295